Η εξέλιξη των σύγχρονων επιχειρήσεων

Saved in:
Bibliographic Details
Main Author: Boyce, Gordon 1954-
Other Authors: Ville, Simon P., Σταματάκης, Νικηφόρος (Editor)
Format: Book
Language:Greek
English
Published: Αθήνα : Αλεξάνδρεια, 2005.
Subjects:
Tags: Add Tag
No Tags, Be the first to tag this record!

MARC

LEADER 00000cam a2200000 i 4500
001 1/49597
008 070904s2005 gr | ||| |||| ||gre||
020 |a 9602213116 
035 |l 10089229 
040 |a GR-MyUA  |b gre  |e AACR2 
041 1 |a gre  |h eng 
082 0 |a 338.7  |2 (22) 
100 1 |a Boyce, Gordon  |d 1954- 
245 1 2 |a Η εξέλιξη των σύγχρονων επιχειρήσεων /   |c Gordon Boyce και Simon Ville ; μετάφραση Νικηφόρος Σταματάκης.  
260 |a Αθήνα :   |b Αλεξάνδρεια,   |c 2005.  
300 |a xix, 431 σ. :   |b εικ. ;   |c 24 εκ.  
500 |a Τίτλος πρωτοτύπου: The development of modern business.  
504 |a Βιβλιογραφία: σ. 393-405. Ευρετήριο: σ.406-416. Γλωσσάριο: σ. 417-431.  
650 0 0 |a Business enterprises  |x History. 
650 0 0 |a Corporations  |x History. 
650 0 0 |a Industrial organization  |x History. 
650 0 0 |a Industries  |z Great Britain  |x History. 
650 0 0 |a Industries  |z United States  |x History. 
650 0 0 |a Industries  |z Japan  |x History. 
650 0 0 |a Industries  |z Australia  |x History. 
700 1 |a Ville, Simon P. 
700 1 |a Σταματάκης, Νικηφόρος,  |e edt 
852 |a INST  |b CHIOS  |e 20070730  |h 338.7 BOY  |p 005200026039  |q 005200026039  |t BK  |y 0 
901 |a BIBL2-2007-3 
909 |a Χ  |b 136020 
922 |a 2ΕΛΗ  |b 200707  |c ΕΠΕΑΕΚ2/ΤΝΕΥ  |d ΕΛΕΥΘΕΡΟΥΔΑΚΗΣ 
970 |a ΑΤΣΑΛΗ  |b ΔΕΣΠΟΙΝΑ  |z 2007/09/04